Statistics for Largest B Countries

Click here to take the quiz!

General Stats

  • This quiz has been taken 956 times
  • The average score is 7 of 10

Answer Stats

areacountry% Correct
76.30Brazil
95%
9.91Bolivia
84%
5.25Botswana
79%
1.33Bangladesh
72%
1.87Belarus
71%
1.00Bulgaria
69%
0.35Bhutan
67%
1.04Benin
58%
0.46Bosnia and
Herzegovina
58%
2.47Burkina Faso
58%

Score Distribution

Percentile by Number Answered

Percent of People with Each Score

Your Score History

You have not taken this quiz